[Event "AUTO-OPEN-2207"]
[Site "http://www.queenalice.com/game.php?id=986514"]
[Date "2011.9.17"]
[Round "3"]
[White "gofran"]
[Black "linoprof"]
[Result "1-0"]
[WhiteElo "2122"]
[BlackElo "2073"]

1. Nc3 e5 2. Nf3 Nc6 3. d4 exd4 4. Nxd4 Bb4 5. Nxc6 Bxc3+ 6. bxc3 bxc6 7. Qd4
Qf6 8. e3 d6 9. Bd3 Qg5 10. f4 Qh4+ 11. g3 Qg4 12. e4 c5 13. Qe3 Qe6 14. Rb1
Qxa2 15. Rb3 Ne7 16. O-O Bh3 17. Re1 O-O 18. Bb2 Be6 19. c4 Qa4 20. Ra1 Qc6 21.
f5 Bc8 22. f6 Ng6 23. fxg7 Re8 24. Rba3 f5 25. Rf1 a5 26. Qh6 Rb8 27. Bc3 Ra8
28. Rxf5 Bxf5 29. exf5 Nh4 30. Qxh4 Qf3 31. f6 h5 32. Ra1 Kf7 33. Rf1 Qg4 34.
Qxg4 hxg4 35. Rf4 Re5 36. Bxe5 dxe5 37. Rxg4 Kxf6 38. g8=Q Rxg8 39. Rxg8 1-0

[Event "AUTO-OPEN-2207"]
[Site "http://www.queenalice.com/game.php?id=986515"]
[Date "2011.9.17"]
[Round "3"]
[White "linoprof"]
[Black "gofran"]
[Result "0-1"]
[WhiteElo "2059"]
[BlackElo "2161"]

1. e4 e5 2. Nf3 d5 3. Nxe5 dxe4 4. Bc4 Qg5 5. d4 Qxg2 6. Bxf7+ Ke7 7. Rf1 Nd7 8.
Bc4 Ngf6 9. Nf7 Nb6 10. Bb3 Bg4 11. f3 exf3 12. Qd3 Re8 13. Rf2 Qh3 14. Qf1 Nbd5
15. Bxd5 Kd7+ 16. Ne5+ Rxe5+ 17. dxe5 Qxf1+ 18. Rxf1 Nxd5 19. Kf2 Bc5+ 20. Kg3
Bh5 21. c4 Ne7 22. Nd2 Nf5+ 23. Kf4 Rf8 24. Kg5 g6 25. Nb3 Be7+ 26. Kf4 g5+ 27.
Ke4 Bg6 28. Bd2 g4 29. Rfd1 Ke6 30. c5 f2 31. Nd4+ Nxd4+ 32. Kxd4 Rd8+ 33. Kc4
f1=Q+ 34. Rxf1 Rxd2 35. b4 Rxh2 36. a3 Rc2+ 37. Kb3 g3 38. Rf3 g2 39. Rg1 Re2
40. Rg3 Be4 41. Rg7 h5 42. Kc4 h4 43. Kd4 h3 44. Rg4 h2 45. Rd1 h1=Q 46. Rxh1
gxh1=Q 47. Rg3 Qd1+ 48. Kc4 Bd5+ 49. Kb5 c6+ 50. Ka5 Bd8# 0-1

[Event "Challenge"]
[Site "http://www.queenalice.com/game.php?id=986786"]
[Date "2011.9.18"]
[Round "-"]
[White "Daciolg"]
[Black "gofran"]
[Result "0-1"]
[WhiteElo "2145"]
[BlackElo "2094"]

1. e4 e5 2. Nf3 Nc6 3. Bb5 f5 4. exf5 e4 5. Qe2 Qe7 6. Bxc6 bxc6 7. Nd4 Nf6 8.
b3 c5 9. Nb5 d5 10. Bb2 c6 11. N5a3 Bxf5 12. O-O Qe6 13. Nc3 Bd6 14. Nd1 Bxh2+
15. Kxh2 Ng4+ 16. Kg3 Qh6 17. Qxg4 Bxg4 18. Kxg4 O-O 19. g3 g6 0-1

[Event "Torneo Mundial 2"]
[Site "http://www.queenalice.com/game.php?id=992360"]
[Date "2011.10.1"]
[Round "4"]
[White "phystutordotcom"]
[Black "gofran"]
[Result "0-1"]
[WhiteElo "2155"]
[BlackElo "2170"]

1. Nf3 f5 2. d3 d6 3. e4 e5 4. g3 Nf6 5. Bg2 Be7 6. O-O O-O 7. Nbd2 Nc6 8. c3
Kh8 9. Re1 Qe8 10. exf5 Bxf5 11. Nf1 h6 12. Ne3 Bh7 13. Nd2 Bxd3 14. c4 Qf7 15.
b3 Nd7 16. f3 Bg5 17. Ne4 Bxe4 18. fxe4 Qf2+ 19. Kh1 Nd4 20. Ng4 Qc2 21. Bxg5
hxg5 22. Qc1 Qxc1 23. Raxc1 Nc5 24. Rc3 a5 25. Kg1 Kg8 26. Ne3 Rf3 27. Nd5 Nd3
0-1

[Event "Challenge"]
[Site "http://www.queenalice.com/game.php?id=999966"]
[Date "2011.10.21"]
[Round "-"]
[White "gofran"]
[Black "Ludus"]
[Result "1-0"]
[WhiteElo "2182"]
[BlackElo "2181"]

1. Nc3 Nf6 2. d4 d5 3. Qd3 Nc6 4. Bg5 Ne4 5. Nxe4 dxe4 6. Qxe4 Qxd4 7. Qxd4 Nxd4
8. O-O-O e5 9. Nf3 Ne6 10. Be3 Bd6 11. Nd2 f6 12. g3 Bc5 13. Bxc5 Nxc5 14. Bg2
c6 15. Nc4 Ke7 16. b4 Ne6 17. Kb2 Rd8 18. c3 Rxd1 19. Rxd1 Nd8 20. Nd6 Be6 21.
a4 Rb8 22. a5 b6 23. a6 c5 24. Nb5 Bc4 25. Nxa7 Bxa6 26. b5 Bc8 27. Nxc8+ Rxc8
28. Ra1 Ne6 29. Ra7+ Rc7 30. Ra6 Rd7 31. Rxb6 Rd2+ 32. Kc1 Rxe2 33. Rb7+ Kd8 34.
b6 1-0

[Event "Challenge"]
[Site "http://www.queenalice.com/game.php?id=1005625"]
[Date "2011.11.6"]
[Round "-"]
[White "Daciolg"]
[Black "gofran"]
[Result "0-1"]
[WhiteElo "2165"]
[BlackElo "2194"]

1. e4 e5 2. Nf3 f5 3. exf5 e4 4. Nd4 Nf6 5. d3 c5 6. Nb3 exd3 7. Bxd3 d5 8. Bb5+
Nc6 9. Qe2+ Qe7 10. Be3 d4 11. Bf4 Qxe2+ 12. Kxe2 Bxf5 13. Na3 Nd5 14. Bd2 Kf7
15. Rhe1 Kf6 16. f3 Ncb4 17. Kd1 a6 18. Bf1 b5 19. Nc1 Rd8 20. g4 Ne3+ 21. Bxe3
dxe3+ 22. Nd3 Bg6 23. h4 c4 24. h5 Bf7 25. Rxe3 cxd3 26. Bxd3 Nd5 27. Re1 Bb4
28. Rg1 Nf4 0-1

[Event "Challenge"]
[Site "http://www.queenalice.com/game.php?id=1005628"]
[Date "2011.11.6"]
[Round "-"]
[White "gofran"]
[Black "Daciolg"]
[Result "1-0"]
[WhiteElo "2205"]
[BlackElo "2154"]

1. e4 c5 2. Nf3 d6 3. d4 cxd4 4. Qxd4 Nc6 5. Bb5 Bd7 6. Bxc6 Bxc6 7. Nc3 Nf6 8.
Bg5 e6 9. O-O-O Be7 10. Rhe1 O-O 11. Kb1 Qa5 12. Qd2 Rfd8 13. Nd4 Rac8 14. Nd5
Qxd2 15. Nxe7+ Kf8 16. Rxd2 Kxe7 17. f4 e5 18. Nf5+ Kf8 19. Nxd6 exf4 20. e5 Nd5
21. Rd4 f6 22. Nxc8 fxg5 23. Nxa7 Re8 24. Nxc6 bxc6 25. g3 Ke7 26. gxf4 gxf4 27.
c4 Ne3 28. Rg1 f3 29. Rxg7+ Kf8 30. Rdd7 Rd8 31. e6 1-0

[Event "Challenge"]
[Site "http://www.queenalice.com/game.php?id=1040134"]
[Date "2012.3.17"]
[Round "-"]
[White "leoskye"]
[Black "gofran"]
[Result "0-1"]
[WhiteElo "2125"]
[BlackElo "2215"]

1. d4 Nf6 2. c4 e5 3. dxe5 Ng4 4. e4 Nxe5 5. f4 Nec6 6. Be3 Na6 7. Nf3 Bc5 8.
Bxc5 Nxc5 9. Nc3 d6 10. a3 a5 11. Be2 O-O 12. O-O h6 13. Nd4 Nxd4 14. Qxd4 Nb3
15. Qe3 Nxa1 16. Rxa1 b6 17. Rd1 Bb7 18. e5 Qe7 19. Nd5 Bxd5 20. Rxd5 Rad8 21.
Bd3 c6 22. Rd4 dxe5 23. Rxd8 Rxd8 24. Qe4 Qc5+ 25. Kf1 Qd4 0-1

[Event "AUTO-ELITE-946"]
[Site "http://www.queenalice.com/game.php?id=1043131"]
[Date "2012.3.26"]
[Round "1"]
[White "gofran"]
[Black "danbots5k"]
[Result "1-0"]
[WhiteElo "2247"]
[BlackElo "2404"]

1. Nc3 Nf6 2. d4 g6 3. e4 d6 4. f4 Bg7 5. a3 O-O 6. Nf3 Nbd7 7. e5 Ne8 8. h4 Nb6
9. h5 dxe5 10. fxe5 Bf5 11. Bd3 Qc8 12. Qe2 c6 13. hxg6 fxg6 14. Bxf5 Qxf5 15.
Bg5 Qd7 16. Qf2 Nc7 17. Qh4 h5 18. Bxe7 Rf5 19. Bd6 Ne8 20. Ne4 Nc4 21. Nc5 Qc8
22. O-O-O Nexd6 23. exd6 Nxd6 24. Qg3 b6 25. Qxd6 Rf6 26. Qe7 bxc5 27. Qxc5 Qb7
28. Rhe1 Rb8 29. Qc4+ Kh8 30. b3 Qb5 31. Qxb5 cxb5 32. Re2 a5 33. Rde1 Kh7 34.
Re7 Kg8 35. Re8+ Rxe8 36. Rxe8+ Rf8 37. Rxf8+ Kxf8 38. Kd2 Ke7 39. Kd3 Bf6 40.
c4 bxc4+ 41. bxc4 Ke6 42. Ke4 a4 43. c5 Ke7 44. d5 Bb2 45. d6+ Kd8 46. c6 Bxa3
47. c7+ Kc8 48. Kd5 Bxd6 49. Kxd6 a3 50. Ne5 a2 51. Nc6 Kb7 52. Ne7 Kb6 53. c8=Q
1-0

[Event "AUTO-ELITE-946"]
[Site "http://www.queenalice.com/game.php?id=1043132"]
[Date "2012.3.26"]
[Round "1"]
[White "danbots5k"]
[Black "gofran"]
[Result "0-1"]
[WhiteElo "2368"]
[BlackElo "2264"]

1. d4 Nf6 2. c4 e5 3. e3 Nc6 4. d5 Ne7 5. Nc3 Ng6 6. Nge2 Nh4 7. Bd2 d6 8. e4
Be7 9. Qa4+ Bd7 10. Qb3 b6 11. Ng1 h6 12. g3 Ng6 13. Bg2 O-O 14. Nge2 Qc8 15.
O-O Bh3 16. f4 Bxg2 17. Kxg2 Qg4 18. Qd1 Nh4+ 19. Kh1 Qh3 20. Rf2 Ng4 21. Qg1
Nxf2+ 22. Qxf2 Ng6 23. f5 Nh8 24. Qf3 h5 25. Rf1 f6 26. Nd1 Nf7 27. Rg1 Qg4 28.
Qxg4 hxg4 29. Nf2 Nh6 30. b4 Kf7 31. Bxh6 gxh6 32. Nxg4 h5 33. Nf2 Rfc8 34. b5
a6 35. Nc3 axb5 36. cxb5 Bf8 37. Nfd1 Bh6 38. Rg2 h4 39. Rc2 hxg3 40. hxg3 Ra3
41. Kg2 Ke7 42. Nb2 Rh8 43. Nc4 Raa8 44. a3 Rh7 45. Na2 Rah8 46. Kf3 Bg5 47. Nc3
Rh1 48. Ne2 R8h2 49. Ne3 Bxe3 50. Kxe3 Kd7 51. Kd3 Rf1 52. Kd2 Rf3 53. g4 Rf4
54. Ke3 Rxg4 55. Kf3 Rgg2 56. a4 Rf2+ 57. Ke3 Rf1 58. Ra2 Rf4 59. Kd3 Rh3+ 60.
Kd2 Rxe4 61. Ke1 Rhh4 62. Ra3 Rxa4 63. Rg3 Rh1+ 64. Kf2 Rh2+ 0-1

[Event "AUTO-ELITE-946"]
[Site "http://www.queenalice.com/game.php?id=1043133"]
[Date "2012.3.26"]
[Round "1"]
[White "gofran"]
[Black "kobra23"]
[Result "1-0"]
[WhiteElo "2224"]
[BlackElo "2399"]

1. Nc3 d5 2. e4 d4 3. Nce2 Nc6 4. Ng3 Nf6 5. Nf3 e5 6. Bc4 Bc5 7. O-O O-O 8. d3
Qd6 9. a3 Be6 10. b4 Bb6 11. Bg5 Bd7 12. Nh4 a6 13. Nhf5 Bxf5 14. Nxf5 Qd8 15.
f4 h6 16. Nxh6+ gxh6 17. fxe5 hxg5 18. exf6 Re8 19. Qh5 Re6 20. Bxe6 fxe6 21.
Qxg5+ Kf8 22. Qg7+ Ke8 23. f7+ Kd7 24. f8=Q+ Ne7 25. Qff6 Qe8 26. Qh4 Rd8 27.
Rf7 Kc8 28. Qxe7 Kb8 29. Rf8 Qxe7 30. Qxe7 Rxf8 31. Qxf8+ Ka7 32. h4 1-0

[Event "AUTO-ELITE-946"]
[Site "http://www.queenalice.com/game.php?id=1043134"]
[Date "2012.3.26"]
[Round "1"]
[White "kobra23"]
[Black "gofran"]
[Result "1/2-1/2"]
[WhiteElo "2441"]
[BlackElo "2241"]

1. e4 e5 2. Nf3 Nc6 3. Bb5 f5 4. exf5 e4 5. Qe2 Qe7 6. Bxc6 bxc6 7. Nd4 Nf6 8.
Nc3 c5 9. Nb3 d5 10. Qb5+ Qd7 11. Nxc5 Qxb5 12. Nxb5 Bxc5 13. Nxc7+ Kf7 14. Nxa8
Bd6 15. O-O Bxf5 16. f3 Bg6 17. fxe4 dxe4 18. b3 Rxa8 19. Bb2 Rd8 20. Bc3 Ke6
21. Rae1 Rc8 22. Bxf6 gxf6 23. c3 f5 24. g3 f4 25. gxf4 Kf5 26. b4 Bxf4 27. Rf2
Bh5 28. Re3 Rd8 29. Rh3 Bf3 30. Rxh7 Kg6 31. Rh3 Rd3 32. Rfxf3 exf3 33. Kf2 Kg5
34. Rxf3 Rxd2+ 35. Kf1 Rxh2 36. c4 Rxa2 37. c5 Kg4 38. Rd3 Rc2 39. Ke1 Rc4 40.
Ra3 Bb8 41. Ke2 Rxb4 42. Kd3 Rb1 43. Ke4 Re1+ 44. Kd5 Kf5 45. Kc6 Re7 46. Kd5
Be5 47. Re3 Rd7+ 48. Kc6 Rc7+ 49. Kd5 Bf4 50. Re8 Rf7 51. Kc6 Kf6 52. Kb5 Be5
53. c6 Rc7 54. Ka6 Bd4 55. Kb5 Bb6 56. Re2 Re7 57. Rxe7 1/2-1/2

[Event "Challenge"]
[Site "http://www.queenalice.com/game.php?id=1102262"]
[Date "2012.9.12"]
[Round "-"]
[White "gofran"]
[Black "Alicepolgar"]
[Result "1-0"]
[WhiteElo "2279"]
[BlackElo "2105"]

1. Nc3 Nf6 2. d4 d5 3. Bg5 e6 4. e4 Be7 5. e5 Nfd7 6. h4 a6 7. Qg4 h5 8. Qg3 c5
9. Bxe7 Qxe7 10. Qxg7 Rf8 11. dxc5 Qxc5 12. Nf3 b5 13. Bd3 Nc6 14. a4 b4 15. Ne2
Bb7 16. Qg5 Qe7 17. Qxh5 O-O-O 18. Qg5 1-0

[Event "Challenge 2/5"]
[Site "http://www.queenalice.com/game.php?id=1110556"]
[Date "2012.10.8"]
[Round "-"]
[White "gofran"]
[Black "sixk3b3g"]
[Result "1-0"]
[WhiteElo "2296"]
[BlackElo "2444"]

1. Nc3 Nf6 2. d4 d5 3. Bg5 Nbd7 4. f3 h6 5. Bh4 e6 6. e4 Be7 7. e5 Ng8 8. Bf2 c5
9. f4 Qb6 10. Rb1 h5 11. Nf3 Nh6 12. Qd2 O-O 13. Be2 Nf5 14. O-O h4 15. a3 Qc6
16. Bd3 Nxd4 17. Nxd4 cxd4 18. Bxd4 a6 19. b4 Nb6 20. Qe2 g6 21. Qg4 Kh7 22. b5
axb5 23. Nxb5 Ra4 24. c3 Kg7 25. Na7 Qc7 26. Nxc8 Nxc8 27. f5 exf5 28. Bxf5 Bc5
29. Bxg6 fxg6 30. Rxf8 Kxf8 31. Qxg6 Rxd4 32. cxd4 Bxd4+ 33. Kh1 Bxe5 34. Rf1+
Bf4 35. Qf5+ 1-0

[Event "Challenge 3/5"]
[Site "http://www.queenalice.com/game.php?id=1110557"]
[Date "2012.10.8"]
[Round "-"]
[White "sixk3b3g"]
[Black "gofran"]
[Result "1/2-1/2"]
[WhiteElo "2435"]
[BlackElo "2312"]

1. d4 Nf6 2. c4 e5 3. e3 Nc6 4. Nc3 Bb4 5. Ne2 O-O 6. d5 Ne7 7. a3 Bxc3+ 8. Nxc3
d6 9. Bd3 c6 10. e4 Ng6 11. O-O Bd7 12. Kh1 a6 13. Be2 Rc8 14. Be3 Nf4 15. Bf3
cxd5 16. cxd5 b5 17. Rc1 a5 18. g3 Ng6 19. Qe2 Rb8 20. b4 h6 21. Bg2 Rb7 22. f3
Qa8 23. Qd2 Ne7 24. Rfe1 axb4 25. axb4 Qa3 26. Ra1 Qxb4 27. Reb1 Qc4 28. Bf1 Qc7
29. Nxb5 Bxb5 30. Rxb5 Rxb5 31. Bxb5 Rb8 32. Ra7 Rb7 33. Ra8+ Rb8 34. Ra7 Rb7
35. Ra5 Kh7 36. Kg2 Nd7 37. Ba6 Rb3 38. Ra2 f5 39. Rc2 Qb8 40. Bc4 Ra3 41. Rc3
Rxc3 42. Qxc3 Nf6 43. Be2 g5 44. Bf2 Kg7 1/2-1/2

[Event "Challenge 4/5"]
[Site "http://www.queenalice.com/game.php?id=1110558"]
[Date "2012.10.8"]
[Round "-"]
[White "gofran"]
[Black "sixk3b3g"]
[Result "1-0"]
[WhiteElo "2313"]
[BlackElo "2399"]

1. d4 d5 2. c4 c6 3. Nc3 Nf6 4. Nf3 g6 5. Qa4 e6 6. Bf4 Na6 7. e3 Nc7 8. Bd3 Bg7
9. c5 O-O 10. Bd6 Re8 11. Ne5 Bf8 12. Nxc6 bxc6 13. Qxc6 Bxd6 14. cxd6 Na6 15.
Bxa6 Rb8 16. O-O Rb6 17. Qxc8 Qxd6 18. Qc5 Rxa6 19. Qxd6 Rxd6 20. Rac1 Ra6 21.
b3 g5 22. Na4 Kg7 23. Rc7 e5 24. dxe5 Rxe5 25. Rd1 h5 26. Rdc1 g4 27. g3 Ne4 28.
R1c2 Ng5 29. Kg2 Nf3 30. Nc5 Ra3 31. Nd3 Re4 32. Rd7 d4 33. Rcc7 dxe3 34. Rxf7+
Kg6 35. Rg7+ Kh6 36. Rh7+ Kg6 37. Rcg7+ Kf6 38. Nc5 Rd4 39. Rf7+ Ke5 40. Rxh5+
Kd6 41. Rf6+ Ke7 42. Re6+ Kf7 43. Rh7+ Kf8 44. Rg6 Ng5 45. Rxg5 Rd6 46. Nd7+
Rxd7 47. Rxd7 Rxa2 48. Rf5+ Ke8 49. Rd4 1-0

[Event "Challenge 5/5 congratulation"]
[Site "http://www.queenalice.com/game.php?id=1110559"]
[Date "2012.10.8"]
[Round "-"]
[White "sixk3b3g"]
[Black "gofran"]
[Result "1/2-1/2"]
[WhiteElo "2441"]
[BlackElo "2286"]

1. Nf3 f5 2. d4 d6 3. c4 Nf6 4. e3 g6 5. Nc3 Bg7 6. Be2 O-O 7. O-O Qe8 8. Bd3 e5
9. Be2 e4 10. Ng5 h6 11. Nh3 g5 12. Qb3 c6 13. Bd2 f4 14. exf4 g4 15. Ng5 hxg5
16. fxg5 Nh7 17. d5 Na6 18. Qd1 Qh5 19. Nxe4 Bxb2 20. Ng3 Qg6 21. Rb1 Bd4 22.
Bc1 Bxf2+ 23. Rxf2 Rxf2 24. Bd3 Bf5 25. Nxf5 Rxf5 26. Qxg4 Rf1+ 27. Bxf1 Qxb1
28. Qe6+ Kg7 1/2-1/2

[Event "Challenge 1/5"]
[Site "http://www.queenalice.com/game.php?id=1110719"]
[Date "2012.10.9"]
[Round "-"]
[White "sixk3b3g"]
[Black "gofran"]
[Result "1/2-1/2"]
[WhiteElo "2455"]
[BlackElo "2291"]

1. c4 e6 2. g3 d5 3. Bg2 c6 4. Qc2 dxc4 5. Qxc4 b5 6. Qc2 Bb7 7. e3 Nf6 8. d4
Qb6 9. Nf3 c5 10. O-O cxd4 11. Nxd4 Nbd7 12. Qe2 a6 13. a4 b4 14. Nd2 Bxg2 15.
Kxg2 Rc8 16. Rd1 Be7 17. N2b3 Ne4 18. f3 Nec5 19. e4 O-O 20. Be3 Rc7 21. Nd2 Ne5
22. N4b3 Rfc8 23. Bd4 Ned7 24. Rac1 Qb8 25. Bxc5 Nxc5 26. Nxc5 Bxc5 27. Nb3 Qa7
28. Nxc5 Rxc5 29. Rxc5 Qxc5 30. Qxa6 Qc2+ 31. Kh3 h6 32. Rd2 Qxd2 33. Qxc8+ Kh7
34. Qb7 Qxb2 35. Qxf7 Qf2 36. Qb7 Qxf3 1/2-1/2

[Event "AUTO-ELITE-946"]
[Site "http://www.queenalice.com/game.php?id=1126763"]
[Date "2012.11.29"]
[Round "2"]
[White "gofran"]
[Black "Suso71"]
[Result "0-1"]
[WhiteElo "2314"]
[BlackElo "2670"]

1. e4 c6 2. d4 d5 3. e5 Bf5 4. Nf3 e6 5. Be2 c5 6. Be3 Nd7 7. Nbd2 c4 8. O-O h6
9. Ne1 Bb4 10. Bg4 Bh7 11. c3 Ba5 12. Rc1 Ne7 13. b3 b5 14. a4 a6 15. b4 Bc7 16.
a5 O-O 17. f4 Nb8 18. Qf3 Nbc6 19. Nc2 Qd7 20. Bf2 Bd3 21. Rfe1 Rac8 22. Ne3 Bb8
23. Rcd1 Ba7 24. Qh3 Nxd4 25. cxd4 Bxd4 26. Qg3 Rfd8 0-1

[Event "AUTO-ELITE-946"]
[Site "http://www.queenalice.com/game.php?id=1126764"]
[Date "2012.11.29"]
[Round "2"]
[White "Suso71"]
[Black "gofran"]
[Result "1-0"]
[WhiteElo "2643"]
[BlackElo "2316"]

1. d4 Nf6 2. c4 e5 3. dxe5 Ng4 4. Bf4 Nc6 5. Nf3 Bb4+ 6. Nbd2 Qe7 7. e3 Ngxe5 8.
Nxe5 Nxe5 9. Be2 d6 10. O-O Bd7 11. a3 Bc5 12. b4 Bb6 13. Nf3 f6 14. Qb3 c6 15.
Nd4 h5 16. h3 g5 17. Bh2 1-0

[Event "Challenge"]
[Site "http://www.queenalice.com/game.php?id=1204814"]
[Date "2013.8.3"]
[Round "-"]
[White "Zugswang"]
[Black "gofran"]
[Result "0-1"]
[WhiteElo "2221"]
[BlackElo "2328"]

1. e4 e5 2. f4 exf4 3. Nf3 g5 4. d4 g4 5. Bc4 gxf3 6. Qxf3 d6 7. Bxf4 Qh4+ 8. g3
Qg4 9. Qf2 Bg7 10. Nc3 Ne7 11. Nb5 Na6 12. O-O O-O 13. c3 Qg6 14. Rae1 Bh3 15.
Qe3 Bxf1 16. Rxf1 Rad8 17. Nxa7 d5 18. Bd3 dxe4 19. Bxe4 Qb6 20. d5 Nc5 21. Bb1
Nxd5 22. Qf3 Nxf4 23. gxf4 Qxa7 24. Rf2 Rfe8 25. Kg2 Re1 26. Bc2 Qa6 27. b4 Nd3
28. Rd2 Nxf4+ 29. Qxf4 Rxd2+ 30. Qxd2 Re2+ 0-1

[Event "Challenge"]
[Site "http://www.queenalice.com/game.php?id=1205001"]
[Date "2013.8.3"]
[Round "-"]
[White "gofran"]
[Black "patochon"]
[Result "0-1"]
[WhiteElo "2350"]
[BlackElo "1500"]

1. Nc3 d5 2. e4 dxe4 3. Nxe4 Nf6 4. Nxf6+ exf6 5. Bc4 Nc6 6. Ne2 Bc5 7. Bb3 Bf5
8. O-O O-O 9. d3 Re8 10. Be3 Bg4 11. Qd2 Bxe3 12. fxe3 Qe7 13. e4 Qc5+ 0-1

[Event "Challenge"]
[Site "http://www.queenalice.com/game.php?id=1210402"]
[Date "2013.8.22"]
[Round "-"]
[White "snebur1956"]
[Black "gofran"]
[Result "1/2-1/2"]
[WhiteElo "2344"]
[BlackElo "2337"]

1. e4 e5 2. Nf3 Nc6 3. Bb5 a6 4. Ba4 Nf6 5. O-O Nxe4 6. d4 b5 7. Bb3 d5 8. dxe5
Be6 9. c3 Bc5 10. Qe2 O-O 11. Be3 f6 12. exf6 Qxf6 13. Nbd2 Bxe3 14. fxe3 Qh6
15. Nxe4 dxe4 16. Bxe6+ Qxe6 17. Nd4 Nxd4 18. cxd4 Rxf1+ 19. Qxf1 Rf8 20. Qe2 c6
21. b4 Qd6 22. Qb2 Rf6 23. Rc1 Rh6 24. Qb3+ Kf8 25. Rf1+ Rf6 26. Rxf6+ gxf6 27.
Qb1 Qd5 28. Qc2 Kg7 29. Qb2 1/2-1/2

[Event "Challenge"]
[Site "http://www.queenalice.com/game.php?id=1210403"]
[Date "2013.8.22"]
[Round "-"]
[White "gofran"]
[Black "snebur1956"]
[Result "1-0"]
[WhiteElo "2337"]
[BlackElo "2360"]

1. Nc3 d5 2. e4 d4 3. Nce2 e5 4. Ng3 Be6 5. Nf3 Nd7 6. c3 c5 7. Bb5 f6 8. Qe2
Ne7 9. Bc4 Bxc4 10. Qxc4 Rc8 11. a4 Rc6 12. a5 Ra6 13. b4 cxb4 14. cxb4 Qc8 15.
Qb3 b6 16. O-O bxa5 17. b5 Nc5 18. Qa2 Rb6 19. Ba3 Nb7 20. Rfc1 Qd7 21. Nh5 Rxb5
22. Nh4 Rb6 23. Rc4 g6 24. Rac1 1-0